[Event "Challenge"]
[Site "http://www.queenalice.com/game.php?id=368162"]
[Date "2008.3.9"]
[Round "-"]
[White "BrunoFriburgo"]
[Black "gesnerjunior"]
[Result "0-1"]
[WhiteElo "854"]
[BlackElo "1288"]

1. d4 Nf6 2. Bg5 Nd5 3. e3 h6 4. Bh4 g5 5. Bg3 d6 6. Bc4 c6 7. Qf3 b5 8. Bxd5
Bb7 9. Qxf7+ Kd7 10. Bxd6 cxd5 11. Bxb8 Rxb8 12. Nc3 Qe8 13. Qxe8+ Kxe8 14.
O-O-O Bc6 15. f4 b4 16. Nce2 Bd7 17. c3 b3 18. axb3 Rxb3 0-1

[Event "AUTO-OPEN-1048"]
[Site "http://www.queenalice.com/game.php?id=368243"]
[Date "2008.3.9"]
[Round "1"]
[White "BrunoFriburgo"]
[Black "gesnerjunior"]
[Result "0-1"]
[WhiteElo "854"]
[BlackElo "1288"]

1. d4 e6 2. Bf4 d6 3. Qd2 Be7 4. Nc3 d5 5. O-O-O Bb4 6. e3 h6 7. Bb5+ Bd7 8.
Bxd7+ Nxd7 9. a3 Bxc3 10. Qxc3 Ne7 11. Bxc7 Qc8 12. Be5 Qxc3 13. Bxg7 Qa5 14.
Bxh8 O-O-O 15. Bg7 Nf5 16. Be5 Nxe5 17. dxe5 d4 18. Nf3 dxe3 0-1

[Event "AUTO-OPEN-1048"]
[Site "http://www.queenalice.com/game.php?id=368244"]
[Date "2008.3.9"]
[Round "1"]
[White "gesnerjunior"]
[Black "BrunoFriburgo"]
[Result "1-0"]
[WhiteElo "1288"]
[BlackElo "854"]

1. c4 e5 2. e4 Bc5 3. d3 d6 4. h3 Nc6 5. Nf3 Qf6 6. Bg5 Bb4+ 7. Nc3 Qe6 8. a3
Bxc3+ 9. bxc3 h6 10. Be3 Nf6 11. d4 exd4 12. Nxd4 Qe5 13. Nxc6 Qxc3+ 14. Bd2 Qb2
15. Nb4 Nxe4 16. f3 Ng3 17. Rg1 Qe5+ 18. Be2 1-0

[Event "AUTO-OPEN-1048"]
[Site "http://www.queenalice.com/game.php?id=368245"]
[Date "2008.3.9"]
[Round "1"]
[White "BrunoFriburgo"]
[Black "martusdog"]
[Result "0-1"]
[WhiteElo "854"]
[BlackElo "1821"]

1. d4 e6 2. Be3 Nf6 3. Bg5 Bd6 4. Bxf6 Qxf6 5. Nc3 Bb4 6. e3 Bxc3+ 7. bxc3 d5 8.
c4 dxc4 9. Bxc4 Nc6 10. Qf3 Qe7 11. Nh3 Qb4+ 0-1

[Event "Challenge"]
[Site "http://www.queenalice.com/game.php?id=368403"]
[Date "2008.3.9"]
[Round "-"]
[White "BrunoFriburgo"]
[Black "Dream_Attack"]
[Result "0-1"]
[WhiteElo "1100"]
[BlackElo "1033"]

1. d4 d5 2. Nc3 a5 3. e3 Ra6 4. Bxa6 Nxa6 5. Nf3 e6 6. Qd3 Nb4 7. Qd2 b6 8. a3
Nc6 9. a4 Nf6 10. b3 Ne4 11. Qd3 Bb4 12. Bb2 Nxc3 13. Bxc3 O-O 14. O-O Bb7 15.
Qb5 Bxc3 16. Rad1 Qc8 17. Rd3 Bb4 18. c3 Ba3 19. Re1 g6 20. Ra1 Na7 21. Ne5 Nxb5
22. axb5 Bd6 23. b4 Bxe5 24. dxe5 Qd7 25. bxa5 Qxb5 26. Re1 Qxd3 27. h4 d4 28.
cxd4 Qe4 29. g3 Qg2# 0-1

[Event "AUTO-OPEN-1056"]
[Site "http://www.queenalice.com/game.php?id=371593"]
[Date "2008.3.15"]
[Round "1"]
[White "Pedro666"]
[Black "BrunoFriburgo"]
[Result "1-0"]
[WhiteElo "2108"]
[BlackElo "867"]

1. e4 e5 2. Nf3 d6 3. Bc4 Be6 4. Bxe6 fxe6 5. d4 Nc6 6. dxe5 dxe5 7. Bd2 Qd7 8.
O-O Nf6 9. Nc3 O-O-O 10. Qe1 Ng4 11. h3 Nf6 12. Rd1 Nb4 13. Nxe5 Qd6 14. Nf7 Qe7
15. Nxh8 g6 16. Bg5 Nxc2 17. Rxd8+ Qxd8 18. Qd1 Qxd1 19. Rxd1 Bg7 20. e5 Nd7 21.
Nf7 1-0

[Event "AUTO-OPEN-1056"]
[Site "http://www.queenalice.com/game.php?id=371594"]
[Date "2008.3.15"]
[Round "1"]
[White "BrunoFriburgo"]
[Black "Pedro666"]
[Result "0-1"]
[WhiteElo "867"]
[BlackElo "2107"]

1. d4 Nf6 2. Bg5 Ne4 3. Be3 e6 4. d5 Qf6 5. dxe6 dxe6 6. Nd2 Nxd2 7. Qxd2 Qxb2
8. Bd4 Qa3 9. e4 Nc6 10. c3 Nxd4 11. Rb1 Nc6 12. Rb3 Qd6 13. Nf3 Qxd2+ 14. Kxd2
Bc5 15. Ke2 Bd7 16. Rxb7 Bb6 17. g3 O-O-O 18. Ng5 Be8 19. Rxb6 axb6 20. a4 h6
21. Nf3 f5 0-1

[Event "AUTO-OPEN-1056"]
[Site "http://www.queenalice.com/game.php?id=371641"]
[Date "2008.3.15"]
[Round "1"]
[White "BrunoFriburgo"]
[Black "charles"]
[Result "0-1"]
[WhiteElo "867"]
[BlackElo "1814"]

1. d4 d5 2. e3 Nf6 3. Nc3 g6 4. Nf3 e6 5. Bb5+ c6 6. Ba4 Bb4 7. a3 Bxc3+ 8. bxc3
Ne4 9. Bb2 Qa5 10. Bb3 Nxc3 11. Qd3 Ne4+ 12. c3 Qb6 0-1

[Event "AUTO-OPEN-1056"]
[Site "http://www.queenalice.com/game.php?id=371642"]
[Date "2008.3.15"]
[Round "1"]
[White "charles"]
[Black "BrunoFriburgo"]
[Result "1-0"]
[WhiteElo "1816"]
[BlackElo "854"]

1. e4 d5 2. e5 Nc6 3. d4 e6 4. Bb5 Bd7 5. Nf3 a6 6. Bd3 f6 7. Bf4 fxe5 8. dxe5
Qe7 9. a3 Na5 10. Ng5 O-O-O 11. Nxh7 Nh6 12. Bg5 Qf7 13. Bxd8 Kxd8 14. O-O Bc6
15. Ng5 1-0

[Event "AUTO-BEG-197"]
[Site "http://www.queenalice.com/game.php?id=372221"]
[Date "2008.3.16"]
[Round "1"]
[White "BrunoFriburgo"]
[Black "Pelaggio"]
[Result "0-1"]
[WhiteElo "867"]
[BlackElo "1327"]

1. e4 e5 2. Nf3 d6 3. d4 exd4 4. Nxd4 Nf6 5. Nc3 Bg4 6. Be2 Bxe2 7. Qxe2 Qd7 8.
Be3 Nc6 9. O-O-O Be7 10. g3 O-O 11. Nf5 Ne5 0-1

[Event "AUTO-BEG-197"]
[Site "http://www.queenalice.com/game.php?id=372222"]
[Date "2008.3.16"]
[Round "1"]
[White "Pelaggio"]
[Black "BrunoFriburgo"]
[Result "1-0"]
[WhiteElo "1327"]
[BlackElo "867"]

1. e4 d5 2. exd5 Qxd5 3. Nc3 Qe5+ 4. Qe2 Nc6 5. Qxe5 Nxe5 6. d3 e6 7. Bf4 Bd6 8.
Bxe5 Bxe5 9. Nge2 Nf6 10. g3 Bxc3+ 11. Nxc3 1-0